| 000 | 02082nam a22003737a 4500 | ||
|---|---|---|---|
| 001 | 00350 | ||
| 003 | DO-SdBNP | ||
| 005 | 20160610131710.0 | ||
| 007 | 00350 | ||
| 008 | 160511b dr 2005||||| |||| 00| 0 spa d | ||
| 020 | _a848261835 (Módulo 1) | ||
| 020 | _a8482618369 (Módulo 2) | ||
| 020 | _a8482618423 (Módulo 8) | ||
| 040 |
_aBPMSU _bspa _cBPMSU |
||
| 092 |
_a374.83 _bP927e 4to. 2005 |
||
| 245 |
_aPrepara educación de adultos : _b4to. bachillerato / _cManuel García Cartagena ... [et al.] ; dirección editorial Obdulia García de Escobar |
||
| 250 | _a2a ed. | ||
| 260 |
_aSanto Domingo : _bSecretaría de Estado de Educación ; _bSantillana ; _c2005. |
||
| 300 |
_av. : _bil. ; _c28 cm. |
||
| 490 | 1 | _aSantillana adultos | |
| 500 | _aLa biblioeca posee los módulos 1, 2 , 6 y 8 | ||
| 505 | 0 |
_aPrimera quincena -- _tLengua española -- _tCiencia y tecnología -- _tCiencias sociales -- _tCiencia y tecnología -- _tCiencias de la naturaleza: Biología -- _tCiencia y tecnología -- _tInformática -- _tCiencia y tecnología -- _tMatemáticas -- _tCiencia y tecnología -- _tActividades de evaluación |
|
| 505 | 0 |
_aSegunda quincena -- _tPropósitos -- _tLengua española -- _tCiencia y tecnologia -- _tLenguas extrangeras: inglés -- _tScience and technology -- _tCiencias sociales -- _tCiencia y tecnología -- _tEducación cívica -- _tCiencia y tecnología _tCiencias de la naturaleza: Biología -- _tCiencia y tecnología -- _tMatemáticas -- _tCiencia y tecnología -- _tActividades de evaluación -- _tAutoevaluación -- _tRespuestas autoevaluación |
|
| 650 | 4 |
_aEDUCACIÓN SECUNDARIA DE ADULTOS _zREPÚBLICA DOMINICANA |
|
| 650 | 4 |
_aEDUCACIÓN SECUNDARIA DE ADULTOS _zESTUDIOS Y EJERCICIOS |
|
| 650 | 4 |
_aEDUCACIÓN SECUNDARIA DE ADULTOS _xLIBROS DE TEXTOS |
|
| 700 | 1 | 2 | _aGarcía Cartagena, Manuel |
| 700 | 1 | 2 |
_aGarcía de Escobar, Obdulia, _eed. |
| 710 | 1 | 2 |
_aRepública Dominicana. _bSecretaría de Estado de Cultura. |
| 830 | 0 | _aSantillana adultos | |
| 910 | _aValidado. Control de calidad MFF | ||
| 942 |
_2ddc _cBK |
||
| 956 |
_aBTAVÁREZ _b10 _c20160512 |
||
| 999 |
_c10121 _d10121 |
||